Statistics for Miraculous characters by picture

Click here to take the quiz!

General Stats

  • This quiz has been taken 25 times
  • The average score is 17 of 24

Answer Stats

Answer% Correct
ladybug
96%
cat noir
91%
hawkmoth
91%
plagg
91%
kim
87%
marinette
87%
alya
83%
queen bee
83%
master fu
78%
nino
78%
luka
74%
mr ramier
74%
jagged stone
70%
rena rouge
70%
tikki
70%
alix
65%
carapace
65%
tom
65%
adrien
61%
gabriel
61%
mayura
57%
nathaniel
52%
mylene
48%
ivan
43%

Score Distribution

Percentile by Number Answered

Percent of People with Each Score

Your Score History

You have not taken this quiz